| 000 | 00455nam a22001817a 4500 | ||
|---|---|---|---|
| 005 | 20230109101520.0 | ||
| 008 | 221216b |||||||| |||| 00| 0 eng d | ||
| 020 | _a978-93-272-2552-5 | ||
| 041 | _aeng | ||
| 082 | _a631.43 SAH-S | ||
| 100 |
_aSAHA ,ARUN KUMAR _97355 |
||
| 245 | _aTEXT BOOOK OF SOIL PHYSICS | ||
| 250 | _a3rd ed. | ||
| 260 |
_aLUDHIANA _bKALYANI PUBLISHERS _c2022 |
||
| 300 | _a528;P. | ||
| 650 |
_aAGRICULTURE _92837 |
||
| 942 | _cBK | ||
| 999 |
_c8058 _d8056 |
||